|
|
|
|
| LEADER |
00597cam a2200193 7i4500 |
| 001 |
0000026602 |
| 005 |
20110714090000.0 |
| 020 |
0 |
0 |
|a 9789832724605
|
| 090 |
0 |
0 |
|a MORC 338.7
|b DOI
|
| 110 |
2 |
0 |
|a Construction Industry Development Board Malaysia (CIDB)
|
| 245 |
2 |
0 |
|a Doing business in Morocco.
|
| 260 |
0 |
0 |
|a Kuala Lumpur:
|b CIDB,
|c 2007.
|
| 300 |
# |
# |
|a 28 p.
|
| 650 |
0 |
0 |
|a Business --
|z Morocco
|
| 650 |
0 |
0 |
|a Doing business --
|z Morocco
|
| 650 |
0 |
0 |
|a Investments, foreign --
|z Morocco
|
| 650 |
0 |
0 |
|a Taxation --
|z Morocco
|
| 651 |
0 |
0 |
|a Morocco
|
| 999 |
|
|
|a 0000027285
|b Book
|c Countries
|e Business Information Centre
|